000 00790nam a22001937a 4500
999 _c371549
_d371549
008 201127b ||||| |||| 00| 0 eng d
040 _aDE-2950
_bger
_cDE-2950
_erda
041 _ager
245 _aGas-Transport nicht betroffen.
_bKrieg: In der Verdichterstation Mallnow nördlich von Frankfurt wird Gas aus Russland komprimiert. Die Rubel-Debatte hat für die Anlage vorerst keine Folgen /
_cKatja Gehring
264 _c2022
653 _aMallnow <Märkisch Oderland>
653 _aGascade Gastransport GmbH
653 _aVerdichterstation
773 _dFrankfurt (Oder) Märkisches Verlags- und Druckhaus GmbH & Co KG
_tMärkische Oderzeitung
_g33. Jahrgang (2022) Nr. 77 vom 01.04.2022, S. 18
942 _cA